[Event "St Petersburg op"]
[Site "St Petersburg"]
[Date "1995.??.??"]
[Round "1"]
[White "Khalifman, Alexander"]
[Black "Vulfson, Vladimir"]
[Result "1-0"]
[WhiteElo "2635"]
[BlackElo "2435"]
[Annotator "Khalifman,A"]
[PlyCount "63"]
[EventDate "1995.05.??"]
[EventType "swiss"]
[EventRounds "9"]
[EventCountry "RUS"]
[SourceTitle "CBM 046 Extra"]
[Source "ChessBase"]
[SourceDate "1995.07.01"]
[SourceVersion "1"]
[SourceVersionDate "1995.07.01"]
[SourceQuality "1"]

1. d4 d5 2. c4 dxc4 3. e4 c5 4. d5 e6 5. Nc3 exd5 6. Nxd5 Nf6 7. Bxc4 Nxd5 8.
Bxd5 Be7 9. Ne2 $5 O-O 10. O-O Nd7 (10... Qb6 11. Be3 $14) 11. Nc3 $14 Nb6 12.
Bf4 Bf6 {N} (12... Bg5 13. Bd6 Be7 14. e5 $1 $16) (12... Nxd5 13. Nxd5 $14) 13.
e5 $5 (13. Bd6 Nxd5 $1 (13... Be7 14. e5 $1 $16) 14. Qxd5 Be6 15. Qxc5 Bxc3 16.
bxc3 b6 $14) 13... Be7 (13... Nxd5 14. Nxd5 Bg5 (14... Be7 15. e6 $1 $16) 15.
Bxg5 Qxg5 16. f4 $1 $16) 14. Be4 $1 (14. Qf3 Nxd5 15. Nxd5 Be6 16. Rad1 Bxd5
17. Rxd5 Qc8 $13) 14... Qxd1 15. Rfxd1 $16 g5 16. Be3 (16. Bg3 h5 $13) 16...
Rb8 (16... Nc4 $2 17. Nd5 $18) 17. b3 Be6 18. Nb5 Nd7 (18... c4 19. Nxa7 Nd7
20. bxc4 Nxe5 21. c5 $16) 19. f4 $1 (19. Nxa7 $6 Nxe5 $10) (19. Rac1 Nxe5 20.
Bxc5 Bxc5 21. Rxc5 f6 $13) 19... gxf4 20. Bxf4 c4 21. bxc4 Nb6 (21... Rfc8 22.
Bd5 Nb6 23. Nd6 $16) 22. Nd6 Nxc4 23. Nxb7 f6 $6 (23... Ba3 24. Rab1 Kg7 (24...
Bb2 25. Bh6 $16) 25. Rd3 $16) (23... Kg7 24. Rab1 $16) 24. exf6 Bxf6 25. Bxb8
Bxa1 26. Bxa7 Bc3 27. Nd8 $1 $18 Bg4 28. Bd5+ Kh8 (28... Kg7 29. Bxc4 Bxd1 30.
Ne6+ $18) 29. Nf7+ Kg7 (29... Rxf7 30. Bxf7 Bxd1 31. Bxc4 $18) 30. Rc1 Ne5 31.
Rxc3 Nxf7 32. Rg3 1-0

[Event "Sochi-A"]
[Site "Sochi"]
[Date "1989.??.??"]
[Round "?"]
[White "Ulybin, Mikhail"]
[Black "Lautier, Joel"]
[Result "1-0"]
[WhiteElo "2495"]
[BlackElo "2465"]
[Annotator "Knaak,R"]
[PlyCount "73"]
[EventDate "1989.01.??"]
[EventType "tourn"]
[EventRounds "15"]
[EventCountry "URS"]
[EventCategory "10"]
[SourceTitle "CBM 016"]
[Source "ChessBase"]
[SourceDate "1990.06.01"]
[SourceVersion "1"]
[SourceVersionDate "1990.06.01"]
[SourceQuality "1"]

1. e4 e6 2. d4 d5 3. exd5 exd5 4. Nf3 Bd6 5. c4 dxc4 $6 (5... Nf6 6. Nc3 c6 7.
Be2 (7. cxd5 $6 Nxd5 8. Nxd5 cxd5 {siehe CBM 12}) (7. Bg5 O-O $1 {ist die
kritische Variante}) 7... dxc4 {mit Tempogewinn}) 6. Bxc4 Nf6 7. O-O O-O 8. Nc3
$16 Bg4 $6 9. h3 Bh5 10. g4 Bg6 11. Ne5 c5 {Das wird widerlegt, aber etwas
besseres war schon schwer zu finden} 12. Nxg6 hxg6 13. dxc5 Bxc5 14. Bxf7+ $1
Kxf7 15. Qb3+ Ke8 16. Re1+ Be7 17. Qxb7 Nbd7 18. g5 Rb8 19. Qc6 Rc8 20. Qd6 Ng8
21. Nd5 Rf7 22. Bf4 Nb6 23. Nc7+ Rxc7 24. Qxc7 Qxc7 25. Bxc7 {Weiß hat
forciert ein gewonnenes Endspiel erreicht} Kd7 26. Bb8 Bc5 27. Rad1+ Kc6 28.
Rc1 Kb5 29. Re5 Nd7 30. Rcxc5+ $1 Nxc5 31. b4 $1 Kxb4 32. Bd6 Ka3 33. Bxc5+
Kxa2 34. Re8 Rc7 35. Bb4 a5 36. Bxa5 Ra7 37. Bd8 1-0

[Event "FIDE-Wch k.o."]
[Site "Moscow"]
[Date "2002.01.17"]
[Round "7.2"]
[White "Ivanchuk, Vassily"]
[Black "Ponomariov, Ruslan"]
[Result "1/2-1/2"]
[WhiteElo "2717"]
[BlackElo "2727"]
[Annotator "Knaak,R"]
[PlyCount "116"]
[EventDate "2001.11.27"]
[EventType "k.o."]
[EventRounds "7"]
[EventCountry "RUS"]
[SourceTitle "CBM 086"]
[Source "ChessBase"]
[SourceDate "2002.02.05"]
[SourceVersion "1"]
[SourceVersionDate "2002.02.05"]
[SourceQuality "1"]

{Das Motto dieser Partie könnte lauten: 'Aktivität um jeden Preis'} 1. d4 d5 2.
c4 dxc4 3. e4 Nf6 4. e5 Nd5 5. Bxc4 Nb6 6. Bd3 Nc6 7. Ne2 Bg4 $1 {Provoziert
die Schwächung des weißen Königsflügels.} 8. f3 Be6 9. Nbc3 Bc4 $5 {Obwohl
dieser Zug über 10 Jahre alt ist, kam er noch nicht häufig vor.} 10. Bxc4 Nxc4
11. O-O ({Als gut galt} 11. Qb3 Nb6 12. e6 fxe6 13. Qxe6 {doch} Qd7 $1 {
(statt 13...Nxd4)} 14. Qxd7+ Kxd7 15. O-O {1/2-1/2 Khalifman,A-Magem Badals,J/
Liepaja 2001/CBM 85 (15) scheint nichts herzugeben für Weiß.}) 11... e6 12. a3
{Neu.} ({RR} 12. f4 Qd7 13. Qd3 Nb6 14. f5 O-O-O 15. Bg5 Be7 16. Bxe7 Qxe7 17.
Qg3 g6 18. f6 Qb4 19. a3 Qc4 20. Rad1 Rd7 21. Qe3 Qb3 22. d5 Nc4 23. Qh3 (23.
Qc5 exd5 24. e6 Rd6) 23... Qb6+ 24. Kh1 N6xe5 25. b3 Qxb3 26. dxe6 fxe6 27.
Qxe6 Qb6 28. Qh3 Qe3 29. f7 Rf8 30. Qe6 Nd3 31. Qxc4 Nf2+ 32. Rxf2 Qxf2 33.
Rxd7 Qf1+ 34. Ng1 Qxc4 {0-1 Chow,A-Shamkovich,L/Chicago 1990/EXT 97 (34)})
12... Qd7 13. Kh1 Be7 14. Qb3 {Der muss immer irgend wann gespielt werden.} Nb6
15. Be3 O-O {Stellungseinschätzung: Positionell steht Schwarz okay (guter
Läufer, intakte Bauernstruktur), aber der Raumvorteil und die halboffene
c-Linie sollten eher Weiß favorisieren.} 16. Rac1 a5 17. Rfd1 a4 18. Qc2 Rfd8
19. Nf4 {Jetzt ist Weiß zu d4-d5 bereit.} Ra5 {Lässt scheinbar eine gute
Chance passieren:} (19... Nc4 $5 20. Bf2 Bg5 21. g3 (21. Nce2 b5 {mit der
Absicht Ne7} 22. d5 $1 $13) 21... b5 (21... Ne7 $6 22. Ne4 Bxf4 23. gxf4 b5 24.
Rg1 Ng6 25. h4 $40) (21... Qe7 $5) 22. Nxb5 (22. Ne4 Bh6 $1) 22... N6a5 23. Nc3
Nb3 24. Rb1 $13) 20. Qe4 $1 {Jetzt steht Weiß besser.} g6 {Verhindert Nh5} (
20... Z0 21. Nh5 Nc4 22. Qg4 g6 23. Ne4 Nxe3 24. Nhf6+ Kg7 25. Qh4 h6 26. Qe1
Nxd1 27. Nxd7 $18) 21. Qc2 $1 {Starkes Rückehrmotiv: nun folgt Ne4 mit
größerer Kraft als vorher, weil das Feld f6 geschwächt wurde. Ich glaube, nun
steht Weiß eindeutig besser.} Qe8 ({Das erwähnte Motiv funktioniert nicht mehr:
} 21... Nc4 22. Bf2 Bg5 23. Ne4) 22. Qe2 {22.Ne4 war möglich, aber Weiß hat
Zeit...} Rd7 23. Rc2 {Es fragt sich, was passiert, wenn Schwarz nun völlig
passiv agiert, was kann Weiß machen? Aber nach den Erfahrungen der ersten
Partie entscheidet sich Ponomariov für aktives Spiel.} Nd5 $5 {So hätte Fritz
nie gespielt, auch menschliche Spieler finden den Zug zweifelhaft. Ponomariov
möchte sich nicht, wie Ivanchuk zuvor, zusammenschieben lassen.} 24. Ncxd5 exd5
25. Rdc1 f6 $1 {Hier würde passives Spiel nur Weiß in die Hände spielen.} 26.
Nd3 (26. e6 $6 Rd6 {und der Pe6 ist eher schwach als stark.}) 26... fxe5 27.
dxe5 d4 28. Bh6 g5 {Mut, Verzweiflung oder genaue Berechnung?} 29. Rxc6 $5 {
Nicht notwendig, aber stark. Auch f4 und vor allem Qd2 sind gut.} (29. Qd2 Rad5
(29... Qg6 30. Rxc6 bxc6 31. Qxa5 Qxd3 32. Qxa4) 30. Bxg5 Nxe5 31. Nxe5 Rxe5 (
31... Bxg5 32. Nxd7 Qf7 33. Qb4 Bxc1 34. Qxb7 Rxd7 35. Rxc1 $16) 32. Bf4) 29...
bxc6 30. Rxc6 Bd6 {Ich denke, bei "normalen" Zuegen gewinnt Weiss leicht, er
hat die Dame als Reserve, alle Figuren decken sich, mit h4 und dann f4, f5
gibt es eine gute Idee.} (30... Bd8 $5) 31. f4 Rf7 (31... gxf4 32. Qg4+ Kh8 33.
exd6 $18) 32. Rc1 Rxf4 $1 {Wieder spielt Ponomariov aktiv! Er rettet sich in
ein Endspiel mit Minusfigur aber ein paar Remischancen.} 33. Nxf4 Rxe5 34. Qc4+
Qf7 35. Nd3 Rf5 36. Qxf7+ (36. g3 {sollte leicht gewinnen.}) 36... Kxf7 37. h4
gxh4 38. Kg1 Ke6 {noch Kd5, c5 und Schwarz waere gerettet.} 39. Rc4 h3 $1 {
Wieder aktiv gespielt um den Preis von Material - fuer den schwarzen Koenig
wird das Feld f3freigekaempft!} 40. gxh3 {Das ist eine forcierte Variante.} Kd5
41. Rxa4 Ke4 42. Nf2+ Kf3 {Hat Ivanchuk die Figur bewusst zurueckgegeben?} 43.
Rxd4 $2 {Gibt die Figur unnoetig zurueck.} (43. Rc4 $1 {sollte gewinnen.})
43... Bc5 {Weiss steht immer noch besser.} 44. Rd2 Rf6 (44... Kg3 $5 {Ja, der
kommt in Frage.} 45. Rd3+ Rf3 46. Rxf3+ Kxf3 {Ja, Weiss hat gute Gewinnchancen.
Bei so wenig Material bin ich etwas vorsichtig.}) 45. Bg5 (45. Rc2 $5 {
vielleicht die letzte Chance. Der Lh6 kann erhalten bleiben.} Bd4 (45... Bb6
46. Bc1 (46. Rc3+ Ke2 47. Be3 {sagt Herr Fritz}))) 45... Rg6 {Jetzt gewinnt
Schwarz den Laeufer statt des Springers und hat damit das Remis fast sicher.}
46. Kf1 Rxg5 47. Rd3+ Kf4 48. Rc3 Bb6 49. b4 Rd5 50. Rd3 Rf5 {Schwarz hat es
nicht noetig den Turm zu tauschen.} 51. Nd1 c5 {Das war's endgueltig.} 52. Nc3
cxb4 53. axb4 {Haette Weiss einen Laeufer und Schwarz einen Springer, saehe
die Sache anders aus.} Ke5+ 54. Ke1 Rf4 55. Rd5+ Ke6 56. Rb5 Bc7 57. Nd5 Re4+
58. Kf2 Bd6 {Der b4 geht verloren. remis Ivanchuk hat also den Gewinn
ausgelassen. Ich scheue mich, das Glueck fuer Ponomariov zu nennen. Er hat
sich glaenzend verteidigt. Es war m.E. eine hochklassige Partie.} 1/2-1/2

[Event "Budapest FS12 GM-A"]
[Site "Budapest"]
[Date "2001.12.07"]
[Round "7"]
[White "Ilincic, Zlatko"]
[Black "Horvath, Adam"]
[Result "1-0"]
[WhiteElo "2521"]
[BlackElo "2490"]
[Annotator "Kortschnoj,V"]
[PlyCount "69"]
[EventDate "2001.11.01"]
[EventType "tourn"]
[EventRounds "13"]
[EventCountry "HUN"]
[EventCategory "10"]
[SourceTitle "CBM 087"]
[Source "ChessBase"]
[SourceDate "2002.03.21"]
[SourceVersion "1"]
[SourceVersionDate "2002.03.21"]
[SourceQuality "1"]

1. d4 {Huzman} d5 2. c4 dxc4 3. e4 c5 4. d5 Nf6 5. Nc3 b5 6. Bf4 Ba6 {This
rather violent variation of the queen gambit accepted from time to time is
applied in big tournaments} 7. e5 b4 8. exf6 bxc3 9. bxc3 gxf6 10. g3 {A
relatively new idea. Earlier people tried playing 10.Rb1 to hamper black
development or to win a piece what in fact backfired...} (10. Ne2 {Huzman} Nd7
11. Qa4 Qb6 12. g3 Qb5 13. Qc2 Nb6 14. Bg2 Bb7 15. Rd1 e6 16. a4 Qxa4 17. Qxa4+
Nxa4 18. O-O e5 19. Be3 Bd6 20. Bh6 Rg8 21. Be4 Nb6 22. f4 O-O-O 23. Bxh7 Rge8
24. Bg7 exf4 25. Nxf4 Be5 26. Rc1 Bxd5 $17 {0-1 Volkov,S-Ponomariov,R/Ohrid
MKD 2001/ (43)}) (10. Bxc4 {Huzman} Bxc4 11. Qa4+ Nd7 12. Qxc4 Nb6 13. Qb5+ Qd7
14. Qxd7+ Kxd7 15. O-O-O Rd8 {[%csl Rd5]} 16. Ne2 Ke8 17. Be3 Nxd5 18. Bxc5 e6
19. Bd4 Rc8 20. Kc2 Bc5 $11 {1/2-1/2 Kuzmin,A-Volzhin,A/Dubai 2001/CBM 83/
[Huzman] (46)}) (10. Rb1 {Huzman} Bg7 $1 (10... Qa5 {Huzman} 11. Rxb8+ Rxb8 12.
Bxb8 Qxc3+ 13. Qd2 Qxd2+ 14. Kxd2 c3+ 15. Ke1 Bxf1 16. Kxf1 Bh6 17. Ne2 c2 18.
Bxa7 Kd7 19. Bxc5 Rb8 20. g3 c1=Q+ 21. Nxc1 Bxc1 22. Ke2 Rb2+ 23. Kd3 Rd2+ 24.
Kc3 Rxd5 25. Kc4 Kc6 26. Bxe7 $16 {1-0 Kopylov,M-Rausis,I/Hamburg GER 2001/ 
(40)}) 11. Qg4 $2 (11. g3 {Huzman} O-O 12. Ne2 Nd7 13. Qa4 Ne5 14. Bxe5 Qxd5
15. Rg1 fxe5 16. Qxa6 Rfd8 17. f3 e4 18. Qb7 Bxc3+ 19. Kf2 e3+ 20. Kg2 Qxb7 21.
Rxb7 Bd2 22. Rxe7 c3 23. Re4 {1-0 Hertneck,G-Levin,F/Altenkirchen GER 2001/ 
(43)}) 11... Qxd5 $1 12. Be2 Qe4 13. Rxb8+ Rxb8 14. Bxb8 Qb1+ 15. Bd1 O-O 16.
Bc7 Rc8 17. Qf4 Qb7 18. Ba5 Qb5 19. Bc7 Qb2 $1 20. Ne2 e5 $17 {0-1 Khalifman,
A-Ponomariov,R/Neum (Bosna & Herzegovna) 2000/ (50)}) 10... Qa5 ({The
alternative is} 10... Bb7 11. Bg2 e5 ({By the way,} 11... e6 {does not work:}
12. Rb1 Bxd5 13. Bxd5 exd5 14. Rxb8 Rxb8 15. Qa4+ Ke7 16. Qxa7+ $18)) 11. Bg2
$1 {White is not to count, to spare pawns. Quick development is the most
important!} (11. Ne2 {Huzman} Nd7 12. Bg2) 11... Nd7 (11... Qxc3+ {Huzman} 12.
Bd2 Qe5+ 13. Ne2 Nd7 14. Bf4 (14. Bc3 {Huzman} Qd6) (14. O-O {Huzman} c3) 14...
Qb2 15. O-O $44) 12. Ne2 Rd8 13. O-O Ne5 ({After} 13... Bg7 {very unpleasant is
} 14. d6) (13... Bg7 {Huzman}) (13... e5 {Huzman} 14. dxe6 fxe6 15. Qc2 $44)
14. Bxe5 {'!' Huzman.} fxe5 15. f4 {'©' Huzman.} Bg7 (15... exf4 {Huzman} 16.
Qd2 (16. Nxf4 {Huzman} Bg7 17. Qh5 Bxc3 (17... Qxc3 {Huzman} 18. Rae1) 18. Rab1
Bd4+ 19. Kh1 c3) 16... fxg3 (16... Bh6 {Huzman} 17. Rae1 $44) 17. Qf4 gxh2+ 18.
Kh1 f6 19. Qg4 $44) 16. fxe5 Bxe5 17. Nf4 $2 {White is playing this game with
gusto! Normal continuation is 17.Rb1or Qc2 - black would have great problems
to hide his king somewhere.} Bxc3 18. Rc1 Bd4+ 19. Kh1 c3 20. Re1 h5 $1 {
Since white has given up the pawn c3, black's bishop has now an excellent
position in the center. The last black move prevents an attacking move Qd1-h5.}
21. Qc2 {Threatening to play Ne6 or Ng6.} (21. Nxh5 {Huzman} Rd6 {[%cal Yd6h6]}
) 21... Rh6 (21... h4 {Huzman} 22. g4 Bc4 23. Rb1) 22. Qf5 Qb6 23. Rb1 Qf6 24.
Qe4 h4 {Black could play also another way:} (24... Bf2 25. Red1 ({or} 25. Rec1
h4 26. g4 Qd4) 25... h4 26. g4 ({A tricky move} 26. d6 {would be met by a
cold-blooded} e6) 26... c2) 25. g4 c2 26. Rbc1 Bc3 ({After} 26... Bf2 {white
could play} 27. g5 Qxg5 28. Nh3 Bxe1 29. Nxg5 Bd2 30. Nxf7 $1 {with some
advantage.}) (26... h3 $1 {Huzman} 27. Nxh3 (27. Bxh3 {Huzman} Bb7 28. Rxc2
Rxh3) 27... Qh4 28. Qxc2 Qxg4 $19) 27. Qa4+ Kf8 28. Re6 {'!' Huzman.} fxe6 (
28... Qg5 $1 {Huzman}) 29. Nxe6+ Kg8 {'?' Huzman. Black misses the strongest
continuation:} (29... Qxe6 $1 30. dxe6 Bb2 (30... Rd2 $17 {Huzman}) 31. Qxc2
Bxc1 32. Qxc1 Rxe6 {with advantage.}) 30. g5 {'+/-' Huzman.} Qf5 31. gxh6 h3 $4
{'?' Huzman. The last "lemon". After} (31... Rxd5 {white still had a difficult
life.} 32. Qe8+ Kh7 33. Qxe7+ Kg6 (33... Kg8 {Huzman} 34. Nd4 $3 Qe5 (34...
Bxd4 {Huzman} 35. Be4 $18) 35. Qg7+ Qxg7 36. Bxd5+ Qf7 37. Bxf7+ Kxf7 38. Nxc2
Kg6 $16)) 32. Be4 Qh5 33. Qxc2 $18 Rxd5 34. h7+ Kf7 35. Nf4 1-0

[Event "St Petersburg"]
[Site "St Petersburg"]
[Date "1997.04.26"]
[Round "10"]
[White "Epishin, Vladimir"]
[Black "Kortschnoj, Viktor Lvovich"]
[Result "0-1"]
[WhiteElo "2600"]
[BlackElo "2635"]
[Annotator "Kortschnoj,V"]
[PlyCount "130"]
[EventDate "1997.??.??"]
[EventType "tourn"]
[EventRounds "11"]
[EventCountry "RUS"]
[EventCategory "14"]
[SourceTitle "CBM 059"]
[Source "ChessBase"]
[SourceDate "1997.08.01"]
[SourceVersion "1"]
[SourceVersionDate "1997.08.01"]
[SourceQuality "1"]

1. d4 {Huzman} d5 2. c4 dxc4 3. e4 Nf6 4. e5 Nd5 5. Bxc4 Nb6 6. Bb3 Nc6 7. Ne2
Bf5 8. Nbc3 e6 9. a3 Qd7 10. O-O O-O-O 11. Be3 f6 12. exf6 gxf6 13. Re1 $5 $146
(13. Ng3 $14 Bg6 14. Qe2 Kb8 15. Rfd1 Ne7 16. Nge4 Ned5 17. Nc5 Qe8 18. Rac1
Bh5 19. f3 Rg8 20. Nxd5 Nxd5 21. Bxd5 exd5 22. Re1 Bd6 23. Nd3 Qe6 24. Kh1 Rde8
25. Qd2 (25. Nc5 $142 $11) 25... Bxf3 $19 26. gxf3 Qh3 {0-1 Mohr,S-Huebner,R/
SUI-chT 1996/EXP 55} 27. Qf2 Bxh2 28. Qf1 Qh5) (13. Na4 $146 h5 14. Rc1 h4 15.
Nc5 Bxc5 16. Rxc5 Kb8 17. Bc2 $2 (17. Nf4 $142) 17... Ne7 18. Nf4 Rhg8 19. Bxf5
Nxf5 20. Qf3 Nd5 21. Nxd5 exd5 $13 {0-1 Beliavsky,A-Kortschnoj,V/EU-chTM 1997/
EXP 57 ;CBM 59(43)}) 13... Na5 (13... h5 {Huzman} 14. Ng3 Bg6 15. Nge4 Be7 16.
Qf3 $36) 14. Bf4 $2 (14. Ng3 $14) (14. Bc2 $14) (14. Ba2 {Huzman} Bd6 (14...
Nac4 15. Ng3 Bg6 16. Qe2 $16) 15. Ng3 Bxg3 16. hxg3 h5 $132) 14... e5 $1 15.
Be3 $8 (15. dxe5 $2 Qc6 16. Bd2 Rxd2 $19) 15... h5 (15... Nbc4 $5) (15... Nac4
$5 {Huzman}) 16. Rc1 $2 (16. dxe5 $1 Qe8 (16... Qh7 17. Nd5 Nxd5 18. Bxd5 c6
19. Rc1 Kb8 20. Qa4 Rxd5 21. Nc3 $1 b6 22. Nxd5 cxd5 23. exf6 $16) 17. Nd5 (17.
Nd4 $2 fxe5 18. Bg5 Rxd4 19. Qxd4 Nxb3 20. Rxe5 Qd7 21. Qe3 Bc5 $19) 17... Nxd5
18. Bxd5 Be4 19. Nc3 Bxd5 20. Nxd5 Qxe5 21. Bd4 Qxd5 22. Bxf6 Qxd1 23. Raxd1
Bd6 24. Bxh8 Rxh8 $11) 16... Nbc4 17. Bxc4 (17. Ba4 Nxb2 $1 18. Bxd7+ Rxd7 19.
Qd2 Nac4 $17) (17. dxe5 Qe8 18. Nd5 Qxe5 19. Nef4 Nxb3 20. Qxb3 Bd6 $17) 17...
Nxc4 18. Qb3 (18. dxe5 $5 $15) 18... Nxe3 19. fxe3 Be6 $1 20. Qb5 Bh6 21. Qxd7+
Rxd7 $17 22. Kf2 h4 {[%csl Rg2]} 23. Ne4 Bd5 $1 24. Nc5 $6 (24. Nxf6 $2 exd4 $1
25. Nxd7 (25. Nxd5 dxe3+ 26. Nxe3 Rf8+ 27. Nf4 Bxf4 28. Kg1 Rd3 29. Rc3 Rxc3
30. bxc3 Re8 31. Nc2 (31. Kf2 Bxh2 $17) 31... Rxe1+ 32. Nxe1 Bd2 33. Nf3 Bxc3
34. Nxh4 a5 35. Nf5 a4 36. Ne3 Bd4 37. Kf2 Bc5 $19) 25... Bxe3+ 26. Kf1 Kxd7
$19) (24. N4c3 $5) 24... Rg7 25. Rg1 b6 (25... Re8 {Huzman} 26. Rc3 Rge7 $5 $17
) 26. Nd3 Rg5 (26... Rhg8 {Huzman} 27. g3 Be4 $17 {[%cal Gg7g5,Gg5f5]}) 27. Nb4
Bb7 28. Rc3 a5 29. Nc2 Be4 30. b4 $6 (30. g4 Rhg8 31. h3 (31. dxe5 fxe5 32. h3
$17) 31... f5 $17) (30. Ne1 $142 {Huzman} Rhg8 31. Nf3 Bxf3 32. gxf3 exd4 33.
exd4 Rxg1 34. Nxg1 Bf4 $17) 30... Rf5+ 31. Ke1 Bxc2 32. Rxc2 Bxe3 $19 33. Rf1
Rxf1+ 34. Kxf1 exd4 35. Rc6 axb4 36. axb4 Rh5 37. Rxf6 Rb5 38. Nf4 Rxb4 (38...
Bxf4 $142 $1 39. Rxf4 Rxb4 40. Rxh4 c5 $19) 39. Nd5 Rb5 40. Rf5 Rb1+ 41. Ke2
Rb2+ 42. Kd3 c6 (42... Rxg2 43. Rf7 Rd2+ 44. Ke4 Rc2 45. Rh7 Bf2 $19) 43. Ne7+
(43. Nxe3 {Huzman} dxe3 44. Kxe3 Rxg2 $19) 43... Kd7 44. Rf7 Rxg2 45. Rh7 Kd6 (
45... Rxh2 {Huzman} 46. Nd5+ Kd6 47. Nxb6 h3 $19) 46. Nc8+ Kc5 47. Rxh4 b5 48.
Rh5+ Rg5 49. Rh6 Rg7 (49... Re5 $5 {Huzman}) 50. Re6 Bg5 51. Re5+ Kb4 52. Re2
Rh7 53. Rc2 (53. Kxd4 {Huzman} Rd7+ 54. Ke4 Kc3 $19) 53... c5 54. Nd6 Rh3+ 55.
Ke4 c4 56. Rb2+ (56. Kxd4 {Huzman} Rd3+ 57. Ke5 Bf4+ $19) 56... Rb3 57. Rg2 Be7
58. Nf5 Bc5 59. h4 Rh3 60. Rb2+ Ka5 61. Kd5 c3 62. Rb1 c2 63. Rc1 Rc3 64. Nxd4
Bxd4 65. Kxd4 Kb4 0-1

[Event "RUS-ch 56th"]
[Site "Krasnoyarsk"]
[Date "2003.09.03"]
[Round "1"]
[White "Epishin, Vladimir"]
[Black "Bezgodov, Alexei"]
[Result "0-1"]
[WhiteElo "2642"]
[BlackElo "2542"]
[Annotator "Kortschnoj,V"]
[PlyCount "112"]
[EventDate "2003.09.03"]
[EventType "swiss"]
[EventRounds "9"]
[EventCountry "RUS"]
[SourceTitle "CBM 098"]
[Source "ChessBase"]
[SourceDate "2004.02.03"]
[SourceVersion "1"]
[SourceVersionDate "2004.02.03"]
[SourceQuality "1"]

1. d4 {Huzman} d5 2. c4 dxc4 3. e4 e5 4. Nf3 exd4 5. Bxc4 Bb4+ 6. Nfd2 $6 {
An unbelievable novelty: white hinders development of his queen side pieces
for sake of a quick advance of his queen to the king side.  Huzman: 'A pretty
bizarre novelty...White empties the "f3" spot for the Q to come but delays his
Q-side development for quite a while'} Nc6 7. O-O Nf6 8. e5 Nd5 (8... Nxe5 $5 {
Huzman} 9. Re1 Qe7 10. f4 Bg4 11. Qa4+ Bd7 12. Qd1 Nfg4 $5 (12... Bg4 $11) 13.
fxe5 $140 Qh4 14. h3 Ne3 $17) 9. Qf3 Be6 10. Qg3 {This is the point of the
white's sixth move - he threatens to destroy the king side of his adversary.}
Qd7 {'!' Huzman. This humble move, which does not deserve even an exclam, is a
refutation of that quasi-ambitious 6.Nfd2...} 11. a3 (11. Qxg7 {Huzman} O-O-O
$17) 11... Be7 12. Nf3 Nc3 $5 {'!' Huzman. Not a bad move, although 12...Nf4!?,
with the nasty threat Nh5, was worth to consider. Huzman: 'This "little
combination" sums up White's unfortunate experiment - Black's advantage is
huge'} 13. Bd3 {It looks as the most stubborn.} Bf5 $1 14. bxc3 Bxd3 15. Re1
O-O-O {'-/+' Huzman.} 16. Bd2 {White is a pawn down, but "in return" his
position is worse. White's last move, however silly looking, is the best
attempt to maintain the resistance.} ({After} 16. Nxd4 {'>=' Huzman.} Nxd4 17.
Qxd3 Nb3 18. Qxd7+ Rxd7 19. Ra2 Rhd8 {'-/+' Huzman. white's position would
look awfully bad.}) 16... Bxb1 {'?!' Huzman. Black makes up his mind to win
the second pawn. A quiet 16...Bg6 had its preferences.} (16... Bg6 $1 $17 {
Huzman}) 17. Raxb1 dxc3 18. Bxc3 Bxa3 19. e6 $1 {Trying to enliven activity of
white pieces.} (19. Qxg7 $5 {Huzman} Rdg8 20. Qf6 Qe6 $17) 19... fxe6 20. h4
Rhf8 21. h5 Rf5 {Now and on the next move Ba3-c5 looked much stronger.} 22. Qg4
g6 23. hxg6 hxg6 24. Qxg6 Bc5 25. Qxe6 Qxe6 26. Rxe6 {Finally, white is only
one pawn down, but without any chance to complicate the matters.} a5 27. Kf1
Bd6 28. Re3 Rg8 29. Nd2 Rh5 30. Rh3 Rxh3 31. gxh3 Bb4 32. Bxb4 Nxb4 $19 33. Ne4
b6 34. Ke2 Nd5 35. Kf3 Rf8+ 36. Kg3 Kd7 37. h4 a4 38. h5 Rg8+ 39. Kf3 Ke6 40.
Re1 Rf8+ 41. Kg4 Nf6+ 42. Kh4 a3 43. f4 Ra8 44. Nc3+ Kf5 45. h6 Kxf4 46. Na2
Rh8 47. Rf1+ Ke5 48. Re1+ Kf5 49. Re3 Rxh6+ 50. Kg3 Ne4+ 51. Kg2 Rg6+ 52. Kh2
Rc6 53. Rxa3 Rc2+ 54. Kh3 c5 55. Ra8 b5 56. Ra5 Kf4 (56... Kf4 57. Z0 Ng5+ 58.
Kh4 Rh2# {mate is inavoidable.}) 0-1